000 01056nam a22002537a 4500
999 _c447183
_d447183
003 BLK
005 20230628141040.0
008 220304b bu |||||r|||| 00| | bu d
040 _aBLK
041 _aBUL
_cBUL
080 _aПолитически и национални младежки движения
_b329.78
_x(497.215)(062)
_z329.78(497.215)(062)
139 _aСборник първенци в националните политически конкурси
_bС 23
245 _aСборник първенци в националните политически конкурси
_h[Малотир. изд.]
260 _9210040
_aСофия
_bНар. младеж
_c1981
300 _a79 с.
_c20 см
_bс ил.
380 _a3
650 7 _9153567
_aДКМС - идейно-политическа работа - материали
653 7 _9185290
_aДКМС
653 7 _9191903
_aнационални конкурси
852 _bК
_cК 329/С 23
942 _cKNG
_n0
_s1
_01
944 _aCR
_c2022-03-04
_kА.М.
999 _d447183